000 00902nam a2200205Ia 4500
003 OSt
005 20241030151241.0
007 ca aa aaaaa
008 201103s9999 xx 000 0 und d
040 _cSSBUL
041 _abur
082 _223
_a၂၉၄.၃၄၄၃ ဣဒ်
_b၉၂၇၉ S-SAT
100 0 _aဣဒ္ဓိကာဘိဝံသ၊ အရှင်
245 1 0 _aမိမိအတွက်ရက်ရာဇာရက်ကောင်းရက်မြတ်ပါ /
_cအရှင်ဣဒ္ဓိကာဘိဝံသ။
260 _aမန္တလေး ၊
_bအောင်သပြေပုံနှိပ်တိုက်၊
_c၂၀၁၇။
300 _a၁၀၄ စာမျက်နှာ ၊
_c၁၆ စင်တီ။
500 _aS-SAT: Dr. Sai Aung Tun
650 _aဗုဒ္ဓဘာသာ
_xတရား‌တော်
_913507
942 _2ddc
_cBK1
999 _c16746
_d16746